[Event "15th Delhi Open 2017"]
[Site "New Delhi IND"]
[Date "2017.01.09"]
[Round "1.1"]
[White "Aditya, Mittal"]
[Black "Amonatov, Farrukh"]
[Result "0-1"]
[WhiteTitle "CM"]
[BlackTitle "GM"]
[WhiteElo "2068"]
[BlackElo "2619"]
[WhiteFideId "35042025"]
[BlackFideId "14700077"]
[EventDate "2017.01.09"]

1. d4 Nf6 2. c4 g6 3. Nc3 Bg7 4. e4 d6 5. Be2 O-O 6. Nf3 Nbd7 7. O-O e5 8. d5
Nc5 9. Qc2 a5 10. Bg5 h6 11. Be3 b6 12. Nd2 Bg4 13. h3 Bd7 14. Rfe1 Nh7 15. Bf1
f5 16. exf5 gxf5 17. f4 exf4 18. Bxf4 Qf6 19. Re3 Rfe8 20. Rae1 Rxe3 21. Rxe3
Nf8 22. Nf3 Ng6 23. Bh2 a4 24. a3 f4 25. Re1 Ne5 26. Nxe5 dxe5 27. Bd3 Nxd3 28.
Qxd3 Bf5 29. Qf3 Rf8 30. Ne4 Qg6 31. Kf1 Kh8 32. Bg1 Qf7 33. Bf2 b5 34. Qe2 Qg6
35. c5 Bxh3 36. Qf3 Bg4 37. Qd3 f3 38. g3 Qh5 39. Kg1 Bh3 40. Be3 Bf5 41. Bf2
Rd8 42. d6 cxd6 43. Qxb5 dxc5 44. Nxc5 Rd2 45. Ne4 Qh3 46. Qf1 Qxf1+ 47. Kxf1
Rxb2 48. Nc5 Rc2 49. Nxa4 e4 50. g4 Bg6 51. Rd1 Bf7 52. Nc5 Bc4+ 53. Kg1 Re2 54.
Re1 Rxe1+ 55. Bxe1 Bd4+ 56. Bf2 e3 57. Ne4 exf2+ 58. Nxf2 Kg7 59. a4 Kf6 60. a5
Ke5 0-1

[Event "15th Delhi Open 2017"]
[Site "New Delhi IND"]
[Date "2017.01.09"]
[Round "1.3"]
[White "Indranil, Das"]
[Black "Ghosh, Diptayan"]
[Result "0-1"]
[BlackTitle "GM"]
[WhiteElo "2060"]
[BlackElo "2570"]
[WhiteFideId "5014506"]
[BlackFideId "5045207"]
[EventDate "2017.01.09"]

1. e4 e5 2. Nf3 Nc6 3. Bb5 a6 4. Bxc6 dxc6 5. O-O f6 6. d4 exd4 7. Qxd4 Qxd4 8.
Nxd4 Bd7 9. Nc3 O-O-O 10. Bf4 Ne7 11. Rad1 Ng6 12. Bg3 Bb4 13. f3 Bxc3 14. bxc3
c5 15. Nb3 b6 16. Rfe1 f5 17. exf5 Bxf5 18. Rxd8+ Rxd8 19. Rc1 a5 20. Be1 Nf4
21. Kf2 a4 22. Nd2 Re8 23. Ne4 Bxe4 24. fxe4 Rxe4 25. Kf3 Rc4 26. Rd1 Ng6 27.
Ke3 Rf4 28. Bg3 Rf7 29. Rd5 Ne7 30. Rh5 Nf5+ 31. Kd3 g6 32. Rh3 Rd7+ 33. Ke2 Kb7
34. Bf2 Kc6 35. g4 Nd6 36. Rf3 Kb5 37. Be1 Nc4 38. Rd3 Re7+ 39. Kf1 Ne3+ 0-1

[Event "15th Delhi Open 2017"]
[Site "New Delhi IND"]
[Date "2017.01.09"]
[Round "1.4"]
[White "David, Alberto"]
[Black "Salonika, Saina"]
[Result "1-0"]
[WhiteTitle "GM"]
[BlackTitle "WFM"]
[WhiteElo "2569"]
[BlackElo "2059"]
[WhiteFideId "4000013"]
[BlackFideId "25013971"]
[EventDate "2017.01.09"]

1. e4 c5 2. Nf3 d6 3. Bb5+ Bd7 4. c4 a6 5. Bxd7+ Qxd7 6. d4 cxd4 7. Nxd4 Nf6 8.
Nc3 g6 9. Bg5 Bg7 10. Bxf6 Bxf6 11. Nd5 Qd8 12. Nxf6+ exf6 13. O-O O-O 14. Qd2
Re8 15. Rfe1 Nd7 16. Rad1 Nc5 17. f3 Ne6 18. Ne2 b5 19. cxb5 axb5 20. Nc3 Ra6
21. a3 Nc7 22. Na2 d5 23. Nb4 Rd6 24. exd5 Ree6 25. Re4 Rd7 26. Rxe6 fxe6 27. d6
Ne8 28. Qe3 Rxd6 29. Qxe6+ Kg7 30. Rxd6 Nxd6 31. Nd5 Nc4 32. Qc6 Nxb2 33. Qb7+
Kg8 34. Qxb5 Qd6 35. h3 Kg7 36. Kh1 Nd1 37. Qb7+ Kf8 38. Qb3 Nb2 39. Qxb2 Qxd5
40. Qxf6+ Kg8 41. Kh2 Qc4 42. Qd6 Kg7 43. Qe7+ Kg8 44. Kg3 h6 45. Qf6 Kh7 46. a4
Qc7+ 47. f4 Qa7 48. a5 h5 49. Qb6 Qe7 50. a6 Qe1+ 51. Kh2 h4 52. Qc7+ Kh6 53.
Qe5 Qg3+ 54. Kh1 Qa3 55. Qh8# 1-0

[Event "15th Delhi Open 2017"]
[Site "New Delhi IND"]
[Date "2017.01.09"]
[Round "1.5"]
[White "Vantika, Agrawal"]
[Black "Karthikeyan, Murali"]
[Result "0-1"]
[BlackTitle "GM"]
[WhiteElo "2059"]
[BlackElo "2564"]
[WhiteFideId "25050389"]
[BlackFideId "5074452"]
[EventDate "2017.01.09"]

1. d4 Nf6 2. Nf3 e6 3. c4 c5 4. d5 b5 5. Bg5 exd5 6. cxd5 h6 7. Bxf6 Qxf6 8. Qc2
d6 9. e4 a6 10. a4 b4 11. Nbd2 Nd7 12. Bd3 g6 13. O-O Bg7 14. e5 dxe5 15. Ne4
Qb6 16. a5 Qc7 17. d6 Qa7 18. Bc4 Bb7 19. Rfe1 Rf8 20. Nfd2 f5 21. Ng3 O-O-O 22.
Nb3 Rf6 23. Rad1 Kb8 24. Nf1 e4 25. Ne3 Ne5 26. Bd5 Rfxd6 27. Bxb7 Qxb7 28. Nxc5
Qc6 29. Rxd6 Rxd6 30. Rc1 Nd3 31. Nxa6+ Qxa6 32. Qc7+ Ka8 33. Nc4 Rc6 34. Qd8+
Ka7 35. Rc2 Rxc4 36. Rxc4 Qxc4 37. Qb6+ Ka8 38. g3 Qc5 39. Qd8+ Ka7 40. Qd7+ Ka6
41. Qe6+ Kxa5 42. Qa2+ Kb5 43. b3 Bb2 0-1

[Event "15th Delhi Open 2017"]
[Site "New Delhi IND"]
[Date "2017.01.09"]
[Round "1.6"]
[White "Sunilduth Lyna, Narayanan"]
[Black "Sinha, Santosh Kumar"]
[Result "1/2-1/2"]
[WhiteTitle "GM"]
[WhiteElo "2541"]
[BlackElo "2058"]
[WhiteFideId "5058422"]
[BlackFideId "5004918"]
[EventDate "2017.01.09"]

1. d4 Nf6 2. c4 e6 3. Nf3 b6 4. g3 Ba6 5. Qc2 c5 6. d5 Be7 7. e4 exd5 8. e5 Ng8
9. cxd5 Bxf1 10. Kxf1 d6 11. Qe4 g6 12. Nc3 f5 13. Qc4 dxe5 14. Nxe5 Bd6 15. Bf4
Nf6 16. Re1 O-O 17. Nc6 Qd7 18. Bxd6 Qxd6 19. Nb5 Qd7 20. d6+ Kh8 21. Ne5 Qb7
22. Kg1 Nc6 23. Qc3 Rad8 24. Nxc6 Qxc6 25. Re6 Qxb5 26. Rxf6 Kg8 27. Rxf8+ Rxf8
28. Qe5 Qc6 29. Qe6+ Kg7 30. Qe7+ Rf7 31. Qe5+ Kg8 32. h4 Qe4 33. f4 Rd7 34. h5
Qd4+ 35. Kg2 Qd2+ 36. Kf3 Qd3+ 37. Kg2 Qd2+ 38. Kf3 Qd3+ 39. Kf2 Qd2+ 40. Kf3
Qd3+ 41. Kg2 Qd2+ 42. Kh3 Qxd6 43. Qe8+ Kg7 44. Re1 gxh5 45. Re6 Qd5 46. Re7+
Rxe7 47. Qxe7+ Kg8 48. Qe8+ Kg7 49. Qe7+ Qf7 50. Qg5+ Kf8 51. Qd8+ Qe8 52. Qf6+
Qf7 53. Qd8+ Kg7 54. Qg5+ Qg6 55. Qe7+ Kg8 56. Qd8+ Kg7 57. Qe7+ Qf7 58. Qg5+
Qg6 59. Qe7+ Qf7 60. Qg5+ Qg6 1/2-1/2

[Event "15th Delhi Open 2017"]
[Site "New Delhi IND"]
[Date "2017.01.09"]
[Round "1.7"]
[White "Arpita, Mukherjee"]
[Black "Bernadskiy, Vitaliy"]
[Result "0-1"]
[WhiteTitle "WFM"]
[BlackTitle "GM"]
[WhiteElo "2054"]
[BlackElo "2540"]
[WhiteFideId "5056403"]
[BlackFideId "14100371"]
[EventDate "2017.01.09"]

1. e4 c6 2. d4 d5 3. e5 c5 4. Nf3 Bg4 5. Bb5+ Nc6 6. dxc5 Qa5+ 7. Nc3 e6 8. h3
Bxf3 9. Qxf3 Bxc5 10. O-O Ne7 11. Bg5 Ng6 12. Qg3 Bd4 13. Rfe1 Qc7 14. Bf4 O-O
15. Bxc6 Qxc6 16. Bd2 Qb6 17. Rab1 Rac8 18. h4 Qc7 19. h5 Bxe5 20. Qg4 Ne7 21.
h6 Ng6 22. hxg7 Bxg7 23. Rbc1 Qc4 24. Qf3 Qh4 25. g3 Qh3 26. Qg2 Qxg2+ 27. Kxg2
Ne5 28. Nd1 Rc6 29. Bc3 d4 30. Bb4 Rfc8 0-1

[Event "15th Delhi Open 2017"]
[Site "New Delhi IND"]
[Date "2017.01.09"]
[Round "1.8"]
[White "Sivuk, Vitaly"]
[Black "Santanu, Borpatra Gohain"]
[Result "1-0"]
[WhiteTitle "GM"]
[WhiteElo "2540"]
[BlackElo "2051"]
[WhiteFideId "14116502"]
[BlackFideId "5023688"]
[EventDate "2017.01.09"]

1. e4 d6 2. d4 Nf6 3. Nc3 e5 4. Nf3 exd4 5. Nxd4 Be7 6. Bf4 O-O 7. Qd2 Re8 8.
O-O-O Bf8 9. f3 a6 10. g4 b5 11. Kb1 Bb7 12. Nf5 Nbd7 13. h4 Nb6 14. h5 b4 15.
Ne2 d5 16. g5 Nfd7 17. g6 dxe4 18. Ned4 Ne5 19. h6 fxg6 20. hxg7 Bd6 21. Bxe5
Rxe5 22. Qh6 Kf7 23. Qxh7 Kf6 24. Nh6 Re8 25. g8=Q Rxg8 26. Ng4+ 1-0

[Event "15th Delhi Open 2017"]
[Site "New Delhi IND"]
[Date "2017.01.09"]
[Round "1.10"]
[White "Malakhatko, Vadim"]
[Black "Ankan, Roy"]
[Result "1-0"]
[WhiteTitle "GM"]
[WhiteElo "2514"]
[BlackElo "2049"]
[WhiteFideId "14104202"]
[BlackFideId "35054643"]
[EventDate "2017.01.09"]

1. c4 c5 2. g3 Nc6 3. Bg2 g6 4. Nc3 Bg7 5. a3 d6 6. e3 e6 7. b4 Nge7 8. Nge2 O-O
9. O-O cxb4 10. axb4 Nxb4 11. Ba3 Nbc6 12. d4 a6 13. Ne4 d5 14. cxd5 exd5 15.
Nd6 Rb8 16. Nxc8 Rxc8 17. Qb3 Qd7 18. Bc5 b5 19. Nf4 Rfd8 20. Rfc1 g5 21. Nd3
Qb7 22. f4 a5 23. fxg5 a4 24. Qd1 Nf5 25. Qf3 Nfxd4 26. exd4 Nxd4 27. Bxd4 Bxd4+
28. Kh1 b4 29. Rab1 b3 30. Qf4 Qb6 31. Rc7 Rf8 32. Bxd5 Rcd8 1-0

[Event "15th Delhi Open 2017"]
[Site "New Delhi IND"]
[Date "2017.01.09"]
[Round "1.11"]
[White "Chakravarthy, Y V K"]
[Black "Movsziszian, Karen"]
[Result "0-1"]
[BlackTitle "GM"]
[WhiteElo "2047"]
[BlackElo "2507"]
[WhiteFideId "5029546"]
[BlackFideId "13301152"]
[EventDate "2017.01.09"]

1. d4 d6 2. Bf4 g6 3. e3 Bg7 4. Nf3 Nd7 5. h3 e5 6. Bh2 Nh6 7. Be2 O-O 8. O-O f5
9. c4 g5 10. dxe5 dxe5 11. Qd5+ Nf7 12. Rd1 c6 13. Qd2 Qe7 14. Nc3 h5 15. Kh1 g4
16. Ng1 Nf6 17. h4 Be6 18. Qe1 Nd7 19. f4 Nb6 20. e4 Bf6 21. exf5 Bxf5 22. Bd3
Bxd3 23. Rxd3 exf4 24. Qxe7 Bxe7 25. Bxf4 Nxc4 26. b3 Nce5 27. Re3 Ng6 28. Re6
Kg7 29. Be3 Bf6 30. Rc1 Nxh4 31. Ne4 Rae8 32. Rxe8 Rxe8 33. Nxf6 Rxe3 34. Nxh5+
Kg6 35. Nf4+ Kg5 36. Nfe2 Nf5 37. Rc5 Nd6 0-1

[Event "15th Delhi Open 2017"]
[Site "New Delhi IND"]
[Date "2017.01.09"]
[Round "1.12"]
[White "Deviatkin, Andrei"]
[Black "Shakthi, Vishal J"]
[Result "1-0"]
[WhiteTitle "GM"]
[WhiteElo "2499"]
[BlackElo "2042"]
[WhiteFideId "4121260"]
[BlackFideId "35016636"]
[EventDate "2017.01.09"]

1. d4 Nf6 2. Nf3 c5 3. d5 b5 4. Bg5 Qb6 5. Bxf6 Qxf6 6. c3 Qb6 7. e4 d6 8. Nbd2
g6 9. a4 bxa4 10. Nc4 Qc7 11. Qxa4+ Bd7 12. Qa5 Qxa5 13. Rxa5 a6 14. Bd3 e5 15.
Nb6 Ra7 16. Nd2 Rb7 17. Nxd7 Kxd7 18. Nc4 Be7 19. O-O Rf8 20. g3 f6 21. Kg2 Bd8
22. Ra2 Bc7 23. h4 Ke7 24. h5 Kf7 25. Rh1 Kg7 26. Rh3 Nd7 27. Rxa6 Nb6 28. Na5
Rbb8 29. Ra7 Rf7 30. Nc6 Ra8 31. Rxa8 Nxa8 32. h6+ Kg8 33. Rh1 Bb6 34. Ra1 Nc7
35. f4 Rf8 36. Ra3 Kf7 37. Rb3 Na8 38. Ba6 Bc7 39. Rb7 Ke8 40. Ra7 Kd7 41. Bb5
exf4 42. gxf4 Nb6 43. Nd4+ Kc8 44. Ne6 Rf7 45. Ba6+ 1-0

[Event "15th Delhi Open 2017"]
[Site "New Delhi IND"]
[Date "2017.01.09"]
[Round "1.13"]
[White "Vinay, Raj Bhatt"]
[Black "Horvath, Adam1"]
[Result "0-1"]
[BlackTitle "GM"]
[WhiteElo "2039"]
[BlackElo "2499"]
[WhiteFideId "5026253"]
[BlackFideId "708003"]
[EventDate "2017.01.09"]

1. d4 e6 2. Nf3 Nf6 3. g3 b5 4. Bg2 Bb7 5. O-O d5 6. a4 b4 7. a5 Bd6 8. Nbd2 O-O
9. c4 bxc3 10. bxc3 Ba6 11. Re1 Nbd7 12. e4 dxe4 13. Ng5 e3 14. fxe3 Rb8 15. Qc2
c5 16. Bf1 Bxf1 17. Rxf1 Be7 18. Nde4 h6 19. Nxf6+ Nxf6 20. Ne4 Nxe4 21. Qxe4
Rb5 22. c4 Rb4 23. dxc5 Rb3 24. c6 Qd6 25. Ra2 f5 26. c5 fxe4 27. cxd6 Bxd6 28.
Rxf8+ Kxf8 29. Bb2 e5 30. a6 Ke7 31. Kf2 Kd8 32. Bc1 Kc7 33. Bd2 Kxc6 34. Ke2
Bc5 35. g4 Kd5 36. h4 g6 37. h5 g5 38. Ra4 Rb1 39. Ra5 Kc4 40. Ra4+ Bb4 41. Bxb4
Rxb4 42. Ra2 Kc3 43. Ra3+ Rb3 44. Ra4 Rb2+ 45. Kf1 Kd3 46. Ra3+ Kd2 47. Kf2 Rc2
48. Ra5 Kd3+ 49. Kg3 Rc6 50. Ra3+ Ke2 51. Kg2 Rf6 52. Ra2+ Kxe3 53. Ra3+ Kf4 0-1

[Event "15th Delhi Open 2017"]
[Site "New Delhi IND"]
[Date "2017.01.09"]
[Round "1.15"]
[White "Bharath, Subramaniyam H"]
[Black "Swayams, Mishra"]
[Result "0-1"]
[WhiteTitle "CM"]
[BlackTitle "IM"]
[WhiteElo "2023"]
[BlackElo "2491"]
[WhiteFideId "46634827"]
[BlackFideId "5028183"]
[EventDate "2017.01.09"]

1. e4 e6 2. Nf3 b6 3. d4 Bb7 4. Bd3 c5 5. c3 Ne7 6. O-O Ng6 7. Be3 Be7 8. Nbd2
O-O 9. Ne5 cxd4 10. Bxd4 Nc6 11. Nxg6 hxg6 12. Be3 Ne5 13. Be2 g5 14. Qc2 Qc7
15. h3 Ng6 16. g3 Rad8 17. Nf3 f6 18. Nd4 Ne5 19. Nb5 Qb8 20. f4 Nf7 21. Rad1
Bc5 22. Bxc5 bxc5 23. Bh5 Ba6 24. Bxf7+ Rxf7 25. Nd6 Bxf1 26. Nxf7 Kxf7 27. Rxf1
gxf4 28. gxf4 d5 29. e5 f5 30. Qe2 d4 31. Rd1 Qb7 32. Kf2 Qe4 33. Qf3 Qxf3+ 34.
Kxf3 dxc3 35. Rb1 Rd3+ 36. Ke2 Rd2+ 37. Ke3 Rxb2 38. Rc1 c2 39. a4 Ra2 40. Kd2
a5 41. Kc3 Rxa4 42. Rxc2 Rxf4 43. Kb3 Rb4+ 44. Kc3 Re4 45. Ra2 a4 46. Kd3 g5 47.
Rc2 Rxe5 48. Rc4 a3 49. Ra4 f4 50. Kd2 Re3 51. h4 Kg6 52. hxg5 e5 53. Ra5 c4 54.
Ra4 c3+ 55. Kc2 f3 56. Rxa3 Re2+ 57. Kd3 e4+ 58. Kxc3 Re3+ 59. Kb4 Rxa3 60. Kxa3
e3 61. Kb4 e2 62. Kc4 e1=Q 63. Kd3 f2 64. Kd4 f1=Q 65. Kc5 Qc3+ 66. Kb6 Qb1+ 67.
Ka7 Qca1# 0-1

[Event "15th Delhi Open 2017"]
[Site "New Delhi IND"]
[Date "2017.01.09"]
[Round "1.16"]
[White "Stopa, Jacek"]
[Black "Bhattacharya, Niladri Shekhar"]
[Result "1-0"]
[WhiteTitle "GM"]
[WhiteElo "2479"]
[BlackElo "2023"]
[WhiteFideId "1119591"]
[BlackFideId "5008581"]
[EventDate "2017.01.09"]

1. d4 Nf6 2. Bg5 e6 3. e4 Be7 4. Nd2 c6 5. Bd3 d5 6. e5 Nfd7 7. Bxe7 Qxe7 8. Qg4
f5 9. Qh5+ g6 10. Qh6 Rg8 11. h4 b6 12. Ngf3 Na6 13. a3 Qg7 14. Qe3 h6 15. c4
Nc7 16. b4 Bb7 17. c5 g5 18. hxg5 hxg5 19. g4 O-O-O 20. gxf5 exf5 21. Bxf5 g4
22. Rg1 Rdf8 23. Bxg4 Kb8 24. O-O-O Qe7 25. Rg3 bxc5 26. bxc5 Ka8 27. Rdg1 Rb8
28. Ne1 Ba6 29. Bxd7 Rxg3 30. Bxc6+ 1-0

[Event "15th Delhi Open 2017"]
[Site "New Delhi IND"]
[Date "2017.01.09"]
[Round "1.17"]
[White "Ivana Maria, Furtado"]
[Black "Neverov, Valeriy"]
[Result "0-1"]
[WhiteTitle "WIM"]
[BlackTitle "GM"]
[WhiteElo "2016"]
[BlackElo "2478"]
[WhiteFideId "5048400"]
[BlackFideId "14100150"]
[EventDate "2017.01.09"]

1. Nf3 f5 2. c4 Nf6 3. g3 d6 4. Bg2 e5 5. d3 Be7 6. Nc3 O-O 7. O-O Na6 8. a3 Qe8
9. b4 Qh5 10. b5 Nc5 11. d4 Nce4 12. Nd5 Nxd5 13. cxd5 Bd7 14. Qb3 exd4 15. Bb2
Bf6 16. Rad1 Nc5 17. Qb4 d3 18. exd3 Bxb2 19. Qxb2 f4 20. d4 Na4 21. Qb3 Nb6 22.
Nd2 Bg4 23. Rc1 Be2 24. Rfe1 f3 25. Bh1 Rf5 26. Rxc7 Raf8 27. h4 Kh8 28. Rec1 g5
29. hxg5 Rxg5 30. Ne4 Rg6 31. Nc3 Rh6 0-1

[Event "15th Delhi Open 2017"]
[Site "New Delhi IND"]
[Date "2017.01.09"]
[Round "1.18"]
[White "Grover, Sahaj"]
[Black "Badrinath, S."]
[Result "1-0"]
[WhiteTitle "GM"]
[WhiteElo "2467"]
[BlackElo "2015"]
[WhiteFideId "5021103"]
[BlackFideId "5029961"]
[EventDate "2017.01.09"]

1. e4 c5 2. Nf3 d6 3. c3 Nf6 4. h3 Nc6 5. Bd3 g6 6. Bc2 Bg7 7. d4 cxd4 8. cxd4
O-O 9. Nc3 d5 10. e5 Ne8 11. O-O Nc7 12. Bf4 b5 13. Bd3 a6 14. a4 b4 15. Ne2 Ne6
16. Be3 Bb7 17. h4 f5 18. Nf4 Nxf4 19. Bxf4 Qb6 20. Bc2 a5 21. h5 Rac8 22. Bb3
Nd8 23. Bg5 Re8 24. Qd2 Nf7 25. hxg6 Qxg6 26. Bf4 e6 27. g3 Bh6 28. Kg2 Bxf4 29.
Qxf4 Qh6 30. Qxh6 Nxh6 31. Rh1 Nf7 32. Rh4 Ba6 33. g4 Bd3 34. Ne1 Bc4 35. Bxc4
Rxc4 36. gxf5 exf5 37. Nd3 Nxe5 38. Nxe5 Rxe5 39. b3 Re2 40. bxc4 dxc4 41. Kf3
Rd2 42. Rg1+ Kh8 43. Rf4 h6 44. Rxf5 Rxd4 45. Rxa5 b3 46. Ra8+ Kh7 47. Ra7+ Kh8
48. Rb7 Rd2 49. Re1 Rd8 50. a5 1-0

[Event "15th Delhi Open 2017"]
[Site "New Delhi IND"]
[Date "2017.01.09"]
[Round "1.19"]
[White "Bidhar, Rutumbara"]
[Black "Neelotpal, Das"]
[Result "0-1"]
[WhiteTitle "WFM"]
[BlackTitle "GM"]
[WhiteElo "2009"]
[BlackElo "2462"]
[WhiteFideId "25013769"]
[BlackFideId "5003512"]
[EventDate "2017.01.09"]

1. d4 Nf6 2. c4 c5 3. d5 b5 4. cxb5 a6 5. b6 d6 6. Nc3 Nbd7 7. Nf3 g6 8. e4 Bg7
9. Be2 O-O 10. O-O Rb8 11. Nd2 Nxb6 12. a4 Ne8 13. f4 Nc7 14. Bd3 a5 15. Qe2 f5
16. exf5 Bxf5 17. Bxf5 Rxf5 18. g4 Rf8 19. Nc4 Nxc4 20. Qxc4 Qd7 21. Qe2 e6 22.
dxe6 Nxe6 23. Qg2 Nd4 24. Be3 Qb7 25. Rf2 Rf7 26. Rd1 Qb3 27. Qd5 Qxd5 28. Nxd5
Rfb7 29. Rdd2 Nb3 30. Rd1 Nd4 31. Rdd2 Kf7 32. Kg2 Ke6 33. Nc3 Kd7 34. Kf1 Kc6
35. Bxd4 Bxd4 36. Nb5 Kd5 37. Rf3 Rf8 38. Kg2 h5 39. h3 hxg4 40. hxg4 Rh7 41. f5
Rfh8 42. Kf1 Ke4 43. Nxd4 Rh1+ 44. Ke2 cxd4 45. Rf2 gxf5 46. gxf5 0-1

[Event "15th Delhi Open 2017"]
[Site "New Delhi IND"]
[Date "2017.01.09"]
[Round "1.20"]
[White "Dzhumaev, Marat"]
[Black "Soham, Datar"]
[Result "1/2-1/2"]
[WhiteTitle "GM"]
[WhiteElo "2457"]
[BlackElo "2005"]
[WhiteFideId "14200236"]
[BlackFideId "5097169"]
[EventDate "2017.01.09"]

1. e4 c5 2. Nf3 d6 3. c3 Nf6 4. Be2 g6 5. O-O Bg7 6. d3 Nc6 7. Nbd2 O-O 8. Re1
a6 9. Bf1 Ne8 10. Nc4 b5 11. Ne3 e5 12. a4 Rb8 13. axb5 axb5 14. b4 Nc7 15. Qb3
h6 16. Ba3 1/2-1/2

[Event "15th Delhi Open 2017"]
[Site "New Delhi IND"]
[Date "2017.01.09"]
[Round "1.21"]
[White "Anisuzzaman, Jewel"]
[Black "Visakh, N R"]
[Result "0-1"]
[BlackTitle "IM"]
[WhiteElo "2002"]
[BlackElo "2453"]
[WhiteFideId "10204695"]
[BlackFideId "25012223"]
[EventDate "2017.01.09"]

1. e4 c5 2. Nf3 d6 3. Nc3 Nf6 4. d4 cxd4 5. Nxd4 a6 6. Bg5 e6 7. f4 h6 8. Bh4
Qb6 9. Qd2 Qxb2 10. Rb1 Qa3 11. Be2 Be7 12. Bf2 Qa5 13. Nf5 exf5 14. Bb6 Nxe4
15. Bxa5 Nxd2 16. Kxd2 Nc6 17. Nd5 Bd8 18. Bc3 O-O 19. Nb6 Bxb6 20. Rxb6 Rd8 21.
Bf3 d5 22. Ke2 d4 23. Bd2 d3+ 24. cxd3 Nd4+ 25. Ke3 Nxf3 26. gxf3 Bd7 27. d4 Bb5
28. Re1 Re8+ 29. Kf2 Rxe1 30. Bxe1 Re8 31. Bb4 Re2+ 32. Kg3 Bc6 33. a3 Re3 34.
Bd6 Rxf3+ 35. Kh4 f6 36. Rb2 g5+ 0-1

[Event "15th Delhi Open 2017"]
[Site "New Delhi IND"]
[Date "2017.01.09"]
[Round "1.22"]
[White "Nguyen, Huynh Minh Huy"]
[Black "Pal, Nishit Kumar"]
[Result "1-0"]
[WhiteTitle "GM"]
[WhiteElo "2448"]
[BlackElo "2002"]
[WhiteFideId "12401269"]
[BlackFideId "10205098"]
[EventDate "2017.01.09"]

1. d4 d5 2. Nf3 Nf6 3. c4 c6 4. Qb3 e6 5. g3 Nbd7 6. Bg2 Be7 7. O-O O-O 8. Nc3
Re8 9. Rd1 Qb6 10. Bf4 Qxb3 11. axb3 Nb6 12. c5 Nbd7 13. b4 Nf8 14. b5 Ng6 15.
Ra2 Bd7 16. Rda1 cxb5 17. Rxa7 Rxa7 18. Rxa7 Bc6 19. e3 Ne4 20. Bc7 Nxc3 21.
bxc3 Rc8 22. Bb6 Nf8 23. Ne5 Bf6 24. Nd3 Nd7 25. Ba5 Be7 26. Nb4 Bd8 27. Bf1 Kf8
28. Bxd8 Rxd8 29. Ra5 Ke8 30. Bxb5 Nb8 31. Bd3 h6 32. f3 Kd7 33. e4 Kc7 34. Ra7
Rf8 35. Kf2 Rd8 36. Ke3 Rf8 37. c4 Rd8 38. cxd5 exd5 39. exd5 Bxd5 40. Be4 Kc8
41. c6 Bxc6 42. Nxc6 Nxc6 43. Bxc6 bxc6 44. Ra8+ Kd7 45. Rxd8+ Kxd8 1-0

[Event "15th Delhi Open 2017"]
[Site "New Delhi IND"]
[Date "2017.01.09"]
[Round "1.23"]
[White "Mendonca, Leon Luke"]
[Black "Shyaamnikhil, P"]
[Result "0-1"]
[WhiteTitle "CM"]
[BlackTitle "IM"]
[WhiteElo "1999"]
[BlackElo "2446"]
[WhiteFideId "35028561"]
[BlackFideId "5024218"]
[EventDate "2017.01.09"]

1. d4 Nf6 2. c4 b6 3. Nc3 Bb7 4. Nf3 e6 5. e3 Bb4 6. Be2 O-O 7. O-O c5 8. a3
Bxc3 9. bxc3 Nc6 10. Bb2 Na5 11. Nd2 Rc8 12. f3 Ba6 13. Rc1 Ne8 14. Bd3 d5 15.
Qe2 Nd6 16. cxd5 Bxd3 17. Qxd3 exd5 18. e4 Ndc4 19. Nxc4 Nxc4 20. Rc2 Qd6 21.
Bc1 Qc6 22. f4 cxd4 23. exd5 Qxd5 24. Qxd4 Qf5 25. Re2 Rfd8 26. Rfe1 h5 27. Qe4
Qxe4 28. Rxe4 Rd3 29. Re7 a5 30. Be3 Rxc3 31. Bd4 Rd3 32. Rd7 Nxa3 33. Ree7 Rc1+
34. Kf2 Rc2+ 35. Kf1 Rd1+ 36. Re1 Rxe1+ 37. Kxe1 b5 38. Rd8+ Kh7 39. Rd5 Rxg2
40. Rxh5+ Kg8 41. Kf1 Rc2 42. Rg5 g6 43. f5 Rc4 44. Be5 Rc6 45. Rg3 Nc4 46. Bd4
Rd6 47. Bc3 b4 48. Be1 Rf6 49. Ke2 Rxf5 50. Kd3 Nd6 51. Kc2 Rf1 52. Bd2 Rf2 53.
Kd3 Rxd2+ 54. Kxd2 Ne4+ 55. Kd3 Nxg3 56. hxg3 a4 57. Kc4 a3 58. Kxb4 a2 59. Kc5
a1=Q 60. g4 Kf8 61. g5 Ke7 62. Kd5 Qe1 63. Kd4 Ke6 64. Kd3 Kd5 65. Kc2 Kc4 66.
Kb2 Qd2+ 67. Ka3 Qe2 68. Ka4 Qa2# 0-1

[Event "15th Delhi Open 2017"]
[Site "New Delhi IND"]
[Date "2017.01.09"]
[Round "1.24"]
[White "Murshed, Niaz"]
[Black "Patil, Mitali Madhukar"]
[Result "1-0"]
[WhiteTitle "GM"]
[BlackTitle "WFM"]
[WhiteElo "2444"]
[BlackElo "1996"]
[WhiteFideId "10200010"]
[BlackFideId "5021391"]
[EventDate "2017.01.09"]

1. d4 d5 2. c4 Nc6 3. Nc3 Nf6 4. Bf4 Bf5 5. e3 e6 6. Nf3 Bd6 7. Bg5 Bb4 8. Rc1
h6 9. Bxf6 gxf6 10. a3 Bxc3+ 11. Rxc3 Kf8 12. Be2 Be4 13. cxd5 Bxd5 14. O-O Rg8
15. Bc4 Be4 16. Bd3 Qd5 17. Bxe4 Qxe4 18. g3 Rd8 19. Nd2 Qg4 20. Qb3 e5 21. Qxb7
exd4 22. Rxc6 dxe3 23. Rxc7 Qh5 24. Nf3 e2 25. Re1 Rd1 26. Kg2 Rxe1 27. Nxe1 Rg5
28. Qf3 Qg6 29. Rc8+ Kg7 30. Re8 h5 31. h4 Rg4 32. Kh2 a5 33. Qxe2 Qf5 34. Ng2
Rd4 35. Qe7 Qxf2 36. Qf8+ Kg6 37. Qg8+ Kf5 38. Qh7+ Kg4 39. Re4+ 1-0

[Event "15th Delhi Open 2017"]
[Site "New Delhi IND"]
[Date "2017.01.09"]
[Round "1.25"]
[White "Tamang, Thendup"]
[Black "Venkatesh, M.R."]
[Result "0-1"]
[BlackTitle "GM"]
[WhiteElo "1992"]
[BlackElo "2439"]
[WhiteFideId "35034375"]
[BlackFideId "5005779"]
[EventDate "2017.01.09"]

1. e4 d5 2. exd5 Nf6 3. d4 Bg4 4. Be2 Bxe2 5. Qxe2 Qxd5 6. Nf3 e6 7. Bf4 Qa5+ 8.
c3 Nc6 9. Nbd2 O-O-O 10. Nc4 Qf5 11. Bg3 Nd5 12. Ne3 Qg6 13. Nxd5 Rxd5 14. O-O
Be7 15. Rfd1 Rhd8 16. b4 Qf5 17. Rab1 Bf6 18. Qc4 e5 19. b5 Na5 20. Qa4 b6 21.
Nxe5 Bxe5 22. Bxe5 f6 23. Bg3 Re8 24. Qb4 g5 25. c4 Rd7 26. c5 h5 27. cxb6 axb6
28. h3 h4 29. Bh2 Re2 30. Rf1 g4 31. hxg4 Qxg4 32. Qf8+ Kb7 33. Qxf6 Rg7 34. g3
h3 35. Qh6 Re6 36. Qh8 Qf5 37. f3 Rh7 38. Qd8 Qc2 39. Qd5+ Ka7 40. f4 Re2 0-1